| 000 | 00588cam a22001932 4500 | ||
|---|---|---|---|
| 001 | 0000004890 | ||
| 005 | 20151217151944.0 | ||
| 008 | 070531s xx 000 0 eng d | ||
| 040 |
_aKABU _cKABU |
||
| 050 | 0 |
_aRA645 _b.N87O94 |
|
| 245 | 1 | 0 |
_aOvercoming malnutrition : _bis there an ecoregional dimension? / _cManohar Shcerma ... [et al.] |
| 260 |
_aWashinton, D.C : _bIFPRI, _c1996. |
||
| 300 | _av, 19 p. | ||
| 650 | 0 |
_aMalnutrition. _@0000155807 |
|
| 700 | 1 |
_aSharma, Manohar. _@0000155808 |
|
| 908 | _a070531 | ||
| 950 | _@1 | ||
| 999 |
_c6705 _d6705 |
||